| 000 | 01154nab a22002297a 4500 | ||
|---|---|---|---|
| 005 | 20150806121534.0 | ||
| 008 | 150806b xxu||||| |||| 00| 0 spa d | ||
| 040 |
_aCO-BoIAVH _cCO-BoIAVH |
||
| 041 | 0 | _aspa | |
| 044 | _ack | ||
| 100 | 1 |
_aHerrera De MacBryde, Olga _936672 |
|
| 245 | 1 | _a500.000 envenenamientos por pesticidas | |
| 246 | 1 | _a500000 envenenamientos por pesticidas | |
| 260 | 3 |
_aIbagué (Colombia): _bCentro de publicaciones Universidad del Tolima, _c1980. |
|
| 300 | _aVol.3, Nro. 35, Año 1980, Pag. 1-2 | ||
| 505 | _aIncluye carta dirigida por la autora a el Grupo ecológico de la Universidad del Tolima. Incluye texto del día mundial del medio ambiente. | ||
| 520 | _aProductos peligrosos tales como pesticidas y drogas deben ser sometidos a una serie de pruebas que indiquen que ellos llegan a ciertos requisitos legales y que no atentan contra la salud del hombre. | ||
| 650 | 6 |
_aPesticidas _xEfectos fisiológicos _936675 |
|
| 650 | 6 |
_aPesticidas _xToxicidad _936676 |
|
| 773 | 0 |
_aUniversidad del Tolima _dIbagué (Colombia): Centro de publicaciones de la Universidad del Tolima, 1977. _tSOS ecológico |
|
| 942 |
_2z _cARTICULO |
||
| 999 |
_c17654 _d17654 |
||